| 000 | 01036cam a2200313 a 4500 | ||
|---|---|---|---|
| 001 | 566800 | ||
| 003 | GBCCL | ||
| 005 | 20241126110338.0 | ||
| 008 | 891208r1990 cau b 000 0 eng | ||
| 010 | _a 89077408 | ||
| 020 |
_a0060657200 : _c$8.95 ($11.95 Can.) |
||
| 040 |
_aDLC _cDLC _dDLC |
||
| 050 | 1 | 0 |
_aBV4625 _b.M55 1990 |
| 082 | 0 | 0 |
_a248.4 _220 _bMIL |
| 100 | 1 | _aMiller, Keith. | |
| 240 | 1 | 0 | _aSin |
| 245 | 1 | 0 |
_aHope in the fast lane : _ba new look at faith in a compulsive world / _cJ. Keith Miller. |
| 250 | _a1st Harper & Row paperback ed. | ||
| 260 |
_aSan Francisco : _bHarper & Row, _c1991 |
||
| 300 |
_axi, 260 p. ; _c21 cm. |
||
| 500 | _aOriginally published under title: Sin. | ||
| 504 | _aIncludes bibliographical references (p. [255]-260). | ||
| 650 | 0 |
_aSin _xChristianity. |
|
| 650 | 0 | _aChristian life. | |
| 650 | 0 | _aFaith. | |
| 906 |
_a7 _bcbc _corignew _d1 _eopcn _f19 _gy-gencatlg |
||
| 942 |
_2ddc _cBK |
||
| 999 |
_c457 _d457 |
||